[Event "XXVI OPEN INTERNACIONAL AYTO DE ERANDIO 2017"]
[Site "Erandio (Bizkaia)"]
[Date "2017.12.22"]
[Round "7"]
[Board "6"]
[White "Martinez De Soria Gordon, Jose Manuel"]
[Black "Svyatoslav, Vorobyev"]
[Result "0-1"]
[WhiteElo "1930"]
[BlackElo "1955"]
[PlyCount "104"]
[EventDate "2017.12.16"]
[EventRounds "8"]
[EventCountry "ESP"]

1. e4 e6 2. d4 d5 3. e5 c5 4. c3 Nc6 5. Nf3 Qb6 6. a3 c4 7. Be2 f6 8. exf6 Nxf6
9. O-O Bd6 10. Nbd2 O-O 11. b4 cxb3 12. Qxb3 Qc7 13. c4 Bd7 14. Bb2 Na5 15. Qd3
dxc4 16. Qc2 Rac8 17. Bc3 Nb3 18. Ra2 b5 19. h3 a5 20. Ng5 b4 21. Nxc4 a4 22.
axb4 Bf4 23. Nf3 Bb5 24. Bd2 Bxd2 25. Nfxd2 Nxd4 26. Qd1 Nxe2+ 27. Qxe2 Bxc4
28. Nxc4 Qxc4 29. Qxc4 Rxc4 30. Rxa4 Rb8 31. Rb1 Nd5 32. Ra6 Rbxb4 33. Rxb4
Rxb4 34. Rxe6 Rb2 35. Re4 Rd2 36. Rc4 Kf7 37. g3 Kf6 38. Kf1 Ke5 39. Ke1 Rb2
40. Rh4 h6 41. Rg4 Kf6 42. Rc4 Nb4 43. Kf1 Nd3 44. f4 Nf2 45. Rc6+ Kf5 46. Rc7
Ke4 47. Rc4+ Ke3 48. Rc3+ Nd3 49. Kg1 Rd2 50. Rc7 Kf3 51. Rxg7 Rd1+ 52. Kh2 Nf2
 0-1

[Event "XXVI OPEN INTERNACIONAL AYTO DE ERANDIO 2017"]
[Site "Erandio (Bizkaia)"]
[Date "2017.12.22"]
[Round "7"]
[Board "7"]
[White "Cuero Reid, Maximo Javier"]
[Black "Blesa Fernandez, Francisco"]
[Result "0-1"]
[WhiteElo "1800"]
[BlackElo "2046"]
[PlyCount "26"]
[EventDate "2017.12.16"]
[EventRounds "8"]
[EventCountry "ESP"]

1. d4 Nf6 2. Bg5 c5 3. Nf3 cxd4 4. c3 dxc3 5. Nxc3 h6 6. Bh4 Nc6 7. e4 g5 8.
Bg3 Nh5 9. Be5 Nxe5 10. Nxe5 Nf6 11. Bc4 e6 12. Qf3 Bg7 13. O-O-O Qc7  0-1

[Event "XXVI OPEN INTERNACIONAL AYTO DE ERANDIO 2017"]
[Site "Erandio (Bizkaia)"]
[Date "2017.12.22"]
[Round "7"]
[Board "8"]
[White "Caballero Acosta, Erlantz"]
[Black "Hernandez Garcia, Maximo"]
[Result "1-0"]
[WhiteElo "1551"]
[BlackElo "2009"]
[PlyCount "71"]
[EventDate "2017.12.16"]
[EventRounds "8"]
[EventCountry "ESP"]

1. e4 e5 2. Nf3 Nc6 3. Bb5 a6 4. Bxc6 dxc6 5. Nxe5 Qg5 6. Nf3 Qxg2 7. Rg1 Qh3
8. Rg3 Qd7 9. d3 Ne7 10. Nc3 Ng6 11. Bd2 Bd6 12. e5 Bc5 13. Qe2 b5 14. a3 Bb7
15. O-O-O O-O-O 16. d4 Be7 17. Ng5 Rdf8 18. Rd3 Qf5 19. Rf3 Qg4 20. Nxf7 Rhg8
21. h3 Qh5 22. e6 c5 23. Nd6+ Bxd6 24. Rxf8+ Rxf8 25. Qxh5 cxd4 26. Ne2 Bf3 27.
Qxh7 Ne5 28. Re1 d3 29. cxd3 g6 30. Kc2 Re8 31. d4 Be4+ 32. Kc3 b4+ 33. axb4
Bxb4+ 34. Kxb4 Nd3+ 35. Kc3 Rxe6 36. Nf4  1-0